Histoire de la formation, formation de l’histoire (notice n° 1594965)
[ vue normale ]
| 000 -LEADER | |
|---|---|
| fixed length control field | 01097cam a2200157 4500500 |
| 005 - DATE AND TIME OF LATEST TRANSACTION | |
| control field | 20251228073307.0 |
| 041 ## - LANGUAGE CODE | |
| Language code of text/sound track or separate title | fre |
| 042 ## - AUTHENTICATION CODE | |
| Authentication code | dc |
| 100 10 - MAIN ENTRY--PERSONAL NAME | |
| Personal name | Palazzeschi, Yves |
| Relator term | author |
| 245 00 - TITLE STATEMENT | |
| Title | Histoire de la formation, formation de l’histoire |
| 260 ## - PUBLICATION, DISTRIBUTION, ETC. | |
| Date of publication, distribution, etc. | 2003.<br/> |
| 500 ## - GENERAL NOTE | |
| General note | 31 |
| 520 ## - SUMMARY, ETC. | |
| Summary, etc. | Yves Palazzeschi est maître de conférences en sciences de l’éducation à l’université Paris 1 Panthéon-Sorbonne, actuellement en fonction à l’Institut des Sciences sociales du travail. Il exerce depuis plus de 25 ans dans le domaine de la formation de formateurs. Ses activités de recherche portent sur l’histoire de la formation ; il a publié, en 1998, Introduction à me sociologie de la formation. Anthologie de textes français 1944-1994 (2 volumes) chez L’Harmattan, et récemment « Le passé composé de la formation. Un abécédaire historique » ( Cadres CFDT, n° 405-406, juillet 2003, 15-21). |
| 786 0# - DATA SOURCE ENTRY | |
| Note | Savoirs | 3 | 3 | 2003-09-20 | p. 7-51 | 1763-4229 |
| 856 41 - ELECTRONIC LOCATION AND ACCESS | |
| Uniform Resource Identifier | <a href="https://shs.cairn.info/revue-savoirs-2003-3-page-7?lang=fr&redirect-ssocas=7080">https://shs.cairn.info/revue-savoirs-2003-3-page-7?lang=fr&redirect-ssocas=7080</a> |
Pas d'exemplaire disponible.




Réseaux sociaux